| 000 | 02385nam0a2200385 4500 | ||
|---|---|---|---|
| 001 | RU\NLR\bibl\1829285 | ||
| 005 | 20260408051831.0 | ||
| 010 | _a978-5-288-05228-6 | ||
| 021 |
_aRU _b2011-78680 _95604 |
||
| 035 | _a(NLR Aleph) 001819798 | ||
| 090 |
_a1989487 _c1989487 |
||
| 100 | _a20111107d2011 |||y0rusy50 ca | ||
| 101 | 0 | _arus | |
| 102 | _aRU | ||
| 105 | _ay ||||||||| | ||
| 200 | 1 |
_aПереходные периоды в истории. Санкт-Петербургские исторические школы _eматериалы Международных конгрессов студентов, аспирантов и молодых ученых, [2008-2009 гг. _eсборник статей] _fпод ред. проф. А.Ю. Дворниченко _g[сост.: А.Р. Фадеева] |
|
| 210 |
_aСанкт-Петербург _c[б.и.] _d2011 |
||
| 215 |
_a371 с. _d20 |
||
| 300 | _aВ надзаг.: С.-Петербургский гос. ун-т, Ист. фак., Студ. совет, Учеб.-науч. комитет | ||
| 320 | _aБиблиогр. в подстроч. примеч. | ||
| 517 | 0 | _aСанкт-Петербургские исторические школы | |
| 606 | 1 |
_aВсеобщая история _jСъезды, совещания и т.п. _91324332 _3RU\NLR\auth\66234889 |
|
| 607 |
_aРоссия _jСъезды, совещания и т.п. _xИстория _91554184 _3RU\NLR\auth\66979780 |
||
| 686 | _aТ3(0)я431 | ||
| 686 | _aТ3(2)я431 | ||
| 702 | 1 |
_aФадеева _bА. Р. _4220 |
|
| 702 | 1 |
_4070 _aДворниченко _bА.Ю. _cд-р ист. наук _f1957- _gАндрей Юрьевич _9147729 _3RU\NLR\AUTH\770147765 |
|
| 711 | 1 | 2 |
_a"Переходные периоды в истории", международный конгресс студентов, аспирантов и молодых ученых _f2008 _eСанкт-Петербург _3RU\NLR\AUTH\8810197525 _9284035 |
| 711 | 1 | 2 |
_a"Санкт-Петербургские исторические школы", международный конгресс студентов, аспирантов и молодых ученых _f2009 _eСанкт-Петербург _3RU\NLR\AUTH\8810197526 _9284037 |
| 801 | 0 |
_aRU _bNLR _c20111107 _gRCR |
|
| 801 | 1 |
_aRU _bNLR _c20111107 |
|
| 942 | _cBOOK | ||
| 980 | _aNB | ||
| 980 | _aNBR | ||